[Event "Oberliga Sued W 2324"]
[Site "Germany"]
[Date "2024.02.04"]
[Round "6.6"]
[White "Halabi, Ibrahim"]
[Black "Albert, Marco"]
[Result "0-1"]
[WhiteElo "2004"]
[BlackElo "2123"]
[PlyCount "58"]
[EventDate "2023.09.17"]
[EventType "team-tourn"]
[EventRounds "9"]
[EventCountry "GER"]
[SourceTitle "EXT 2025"]
[Source "ChessBase"]
[SourceDate "2024.10.14"]
[SourceVersion "1"]
[SourceVersionDate "2024.10.14"]
[SourceQuality "1"]
[WhiteTeam "Frankenthal"]
[BlackTeam "Kaiserslautern"]
[WhiteTeamCountry "GER"]
[BlackTeamCountry "GER"]

1. e4 c5 2. Nf3 d6 3. d4 cxd4 4. Nxd4 Nf6 5. Nc3 a6 6. Be2 e5 7. Nb3 Be7 8. 0-0 0-0 9. Be3 Be6 10. f4 exf4 11. Rxf4 Nbd7 12. Nd5 Bxd5 13. exd5 Ne5 14. Rb4 Qc7 15. c4 Nfd7 16. a4 Rfe8 17. a5 Bf6 18. Qd2 Ng6 19. Bf1 Bg5 20. Qc3 Nf6 21. Bb6 Qe7 22. Nd2 Rac8 23. Qd4 Nd7 24. Nf3 Bf6 25. Qf2 Nxb6 26. Qxb6 Ne5 27. Nxe5 Bxe5 28. Qxb7 Bd4+ 29. Kh1 Qe3 0-1

[Event "Oberliga Sued W 2223"]
[Site "Germany"]
[Date "2023.04.30"]
[Round "9.4"]
[White "Albert, Marco"]
[Black "Bold, Andre"]
[Result "1/2-1/2"]
[WhiteElo "2189"]
[BlackElo "2176"]
[PlyCount "282"]
[EventDate "2022.10.23"]
[EventType "team-tourn"]
[EventRounds "9"]
[EventCountry "GER"]
[SourceTitle "EXT 2025"]
[Source "ChessBase"]
[SourceDate "2024.10.14"]
[SourceVersion "1"]
[SourceVersionDate "2024.10.14"]
[SourceQuality "1"]
[WhiteTeam "Kaiserslautern"]
[BlackTeam "Landau"]
[WhiteTeamCountry "GER"]
[BlackTeamCountry "GER"]

1. d4 Nf6 2. c4 e6 3. Nf3 b6 4. g3 Bb7 5. Bg2 Be7 6. 0-0 0-0 7. Re1 Na6 8. a3 d5 9. cxd5 exd5 10. Nc3 c6 11. Bf4 Nc7 12. Bxc7 Qxc7 13. Rc1 Qd8 14. Ne5 Nd7 15. Nd3 Bf6 16. Nf4 Bg5 17. e3 Bxf4 18. gxf4 Qh4 19. Qf3 Rae8 20. Ne2 c5 21. Qh3 Qd8 22. dxc5 bxc5 23. Red1 Ba6 24. Rxd5 Bxe2 25. Rxd7 Qa5 26. Bf3 Bxf3 27. Qxf3 Re6 28. h3 Qb5 29. Rd2 h6 30. Qd5 Rc8 31. b4 Qa6 32. bxc5 Qxa3 33. Rdc2 Rg6+ 34. Kh2 Rgc6 35. Qd4 Qb3 36. Rb2 Qe6 37. Rb7 a6 38. Ra7 Qf5 39. Rg1 g6 40. Rd1 Qxc5 41. Qxc5 Rxc5 42. Rdd7 Rf5 43. Rxa6 Kg7 44. Kg3 g5 45. Kg4 Rcc5 46. Rd4 gxf4 47. Rxf4 Rxf4+ 48. Kxf4 Rh5 49. Kg4 Rg5+ 50. Kf3 Rh5 51. Kg3 Rg5+ 52. Kh2 Rf5 53. Ra2 Rb5 54. Ra6 Rf5 55. Ra2 Rb5 56. h4 Rb1 57. Ra6 Rb4 58. Kg3 Rb1 59. f3 Rg1+ 60. Kf2 Rh1 61. Kg3 Rg1+ 62. Kh2 Re1 63. e4 Rb1 64. Kg2 Rc1 65. Rb6 Ra1 66. Kg3 Rg1+ 67. Kf4 Rh1 68. Kg4 Rg1+ 69. Kh5 Rf1 70. Rb3 Re1 71. Rb5 Rf1 72. Rf5 Rf2 73. e5 Rf1 74. f4 Rf2 75. Rf6 Rf1 76. Kg4 Ra1 77. Rb6 Re1 78. Kf5 Re2 79. Ra6 Rh2 80. Ra7 Re2 81. Re7 Ra2 82. Rb7 Ra6 83. Rd7 Rb6 84. Rd6 Rb1 85. Rd3 Rb6 86. Rg3+ Kf8 87. h5 Ra6 88. Re3 Kg7 89. Rg3+ Kf8 90. Rb3 Kg7 91. Rb7 Rc6 92. Re7 Kf8 93. Rd7 Kg7 94. Rd6 Rc4 95. Ra6 Rb4 96. Ra7 Rb6 97. Kg4 Kg8 98. Ra4 Rb1 99. Ra3 Kg7 100. Rg3 Rb6 101. Kf5+ Kf8 102. Re3 Kg7 103. Kg4 Rb4 104. Re2 Ra4 105. Rg2 Ra6 106. f5 Ra4+ 107. Kg3 Kf8 108. Rd2 Ke7 109. Rd6 Re4 110. f6+ Ke8 111. Rd5 Re1 112. Kf4 Rf1+ 113. Ke4 Rh1 114. Ra5 Re1+ 115. Kd5 Rd1+ 116. Kc6 Rc1+ 117. Rc5 Ra1 118. Kd6 Rd1+ 119. Kc7 Rd2 120. Rc6 Rd1 121. Rb6 Rc1+ 122. Rc6 Rd1 123. Ra6 Rc1+ 124. Kd6 Rd1+ 125. Kc6 Rc1+ 126. Kd5 Rd1+ 127. Ke4 Re1+ 128. Kd4 Rd1+ 129. Ke4 Re1+ 130. Kf4 Rf1+ 131. Kg3 Rg1+ 132. Kf4 Rf1+ 133. Kg3 Rg1+ 134. Kf3 Rf1+ 135. Kg2 Re1 136. Ra8+ Kd7 137. Ra7+ Ke6 138. Re7+ Kf5 139. Rxf7 Rxe5 140. Rf8 Re6 141. f7 Kf6 1/2-1/2

[Event "Oberliga Sued W 2223"]
[Site "Germany"]
[Date "2023.03.19"]
[Round "7.3"]
[White "Tabatt, Hendrik"]
[Black "Albert, Marco"]
[Result "1/2-1/2"]
[WhiteElo "2315"]
[BlackElo "2189"]
[PlyCount "100"]
[EventDate "2022.10.23"]
[EventType "team-tourn"]
[EventRounds "9"]
[EventCountry "GER"]
[SourceTitle "EXT 2025"]
[Source "ChessBase"]
[SourceDate "2024.10.14"]
[SourceVersion "1"]
[SourceVersionDate "2024.10.14"]
[SourceQuality "1"]
[WhiteTeam "Schwarzenbach Caissa"]
[BlackTeam "Kaiserslautern"]
[WhiteTeamCountry "GER"]
[BlackTeamCountry "GER"]

1. Nf3 Nf6 2. c4 e6 3. g3 d5 4. Bg2 d4 5. 0-0 c5 6. d3 Nc6 7. e3 Bd6 8. exd4 cxd4 9. Bg5 h6 10. Bxf6 Qxf6 11. Nbd2 Qe7 12. Nb3 e5 13. Re1 Be6 14. Kh1 0-0 15. c5 Bc7 16. Rc1 Qd7 17. Nfd2 Rae8 18. Nc4 Bd5 19. Nbd2 f5 20. Nd6 Bxg2+ 21. Kxg2 Bxd6 22. cxd6 Qxd6 23. Qb3+ Rf7 24. a3 Qe6 25. Qxe6 Rxe6 26. f3 Rd7 27. Re2 Kf7 28. Rce1 Kf6 29. b4 Rde7 30. Nb3 b6 31. Nd2 g5 32. h3 h5 33. Rc1 Rd7 34. Rce1 Rde7 35. Rc1 h4 36. g4 Re8 37. gxf5 Kxf5 38. Ne4 Ne7 39. Kh2 Nd5 40. Rg2 Rg8 41. b5 Nf4 42. Rd2 Rg7 43. Rc8 Rf7 44. Rd1 Ne2 45. Re1 Nf4 46. Rg1 Rg6 47. Nf2 Rgg7 48. Ne4 Rg6 49. Rd1 Ne2 50. Rd2 Nf4 1/2-1/2

[Event "Oberliga Sued W 2223"]
[Site "Germany"]
[Date "2022.12.11"]
[Round "3.3"]
[White "Biehler, Thomas"]
[Black "Albert, Marco"]
[Result "1/2-1/2"]
[WhiteElo "2230"]
[BlackElo "2189"]
[PlyCount "36"]
[EventDate "2022.10.23"]
[EventType "team-tourn"]
[EventRounds "9"]
[EventCountry "GER"]
[SourceTitle "EXT 2025"]
[Source "ChessBase"]
[SourceDate "2024.10.14"]
[SourceVersion "1"]
[SourceVersionDate "2024.10.14"]
[SourceQuality "1"]
[WhiteTeam "Illingen Turm"]
[BlackTeam "Kaiserslautern"]
[WhiteTeamCountry "GER"]
[BlackTeamCountry "GER"]

1. c4 Nf6 2. g3 e6 3. Bg2 d5 4. Nf3 d4 5. 0-0 c5 6. e3 Nc6 7. exd4 cxd4 8. d3 Bd6 9. a3 a5 10. Bg5 h6 11. Bxf6 Qxf6 12. Nbd2 Qe7 13. Nb3 e5 14. Re1 Be6 15. c5 Bc7 16. Nxe5 Nxe5 17. Nxd4 0-0 18. Re3 Rad8 1/2-1/2

[Event "Oberliga Sued W 2223"]
[Site "Germany"]
[Date "2022.10.23"]
[Round "1.5"]
[White "Hell, Manfred"]
[Black "Albert, Marco"]
[Result "0-1"]
[WhiteElo "2083"]
[BlackElo "2189"]
[PlyCount "120"]
[EventDate "2022.10.23"]
[EventType "team-tourn"]
[EventRounds "9"]
[EventCountry "GER"]
[SourceTitle "EXT 2025"]
[Source "ChessBase"]
[SourceDate "2024.10.14"]
[SourceVersion "1"]
[SourceVersionDate "2024.10.14"]
[SourceQuality "1"]
[WhiteTeam "Winterbach Turm"]
[BlackTeam "Kaiserslautern"]
[WhiteTeamCountry "GER"]
[BlackTeamCountry "GER"]

1. d4 Nf6 2. Nf3 d5 3. c4 e6 4. g3 Bb4+ 5. Bd2 Be7 6. Bg2 0-0 7. Qc2 c6 8. 0-0 Nbd7 9. Rd1 b6 10. cxd5 cxd5 11. Nc3 Bb7 12. Rac1 Rc8 13. Qa4 a6 14. Bf4 b5 15. Qb3 b4 16. a3 Qb6 17. Na4 Qb5 18. axb4 Qxb4 19. Qxb4 Bxb4 20. Bd2 Bd6 21. b4 Bc6 22. Nc5 Bb5 23. Bf1 Nb6 24. Ra1 Ra8 25. Bf4 Be7 26. Nd2 Rfc8 27. Ra2 Nc4 28. Rda1 Nxd2 29. Bxd2 Ne4 30. Be1 Nxc5 31. dxc5 Bf6 32. Rc1 Bc4 33. Ra5 Bd8 34. Ra3 Bf6 35. Bc3 Bd8 36. e3 Bxf1 37. Kxf1 a5 38. Rca1 f6 39. f4 Rab8 40. bxa5 Rxc5 41. Bd4 Rcc8 42. a6 Ra8 43. Rb3 Kf7 44. a7 Kg6 45. Rb7 Kf5 46. g4+ Ke4 47. Rxg7 e5 48. fxe5 fxe5 49. Bb2 Rc2 50. Rb7 Bc7 51. Rc1 Rxc1+ 52. Bxc1 Bd6 53. Rxh7 Bc5 54. g5 Bxa7 55. g6 Bxe3 56. g7 Rg8 57. Ba3 Bg5 58. Bf8 Bf6 59. h4 Kf5 60. h5 Ke6 0-1